|
|
|
|
| LEADER |
00000nam0a2200000 4500 |
| 001 |
56684 |
| 005 |
20231101211623.0 |
| 010 |
|
|
|a 5889840533
|
| 035 |
|
|
|a (RuTPU)RU\TPU\book\59539
|
| 090 |
|
|
|a 56684
|
| 100 |
|
|
|a 20031006d2001 m y0rusy50 ca
|
| 101 |
0 |
|
|a rus
|
| 102 |
|
|
|a RU
|
| 105 |
|
|
|a a j 001zy
|
| 200 |
1 |
|
|a Экономика природопользования и охраны окружающей среды
|e учебное пособие
|f А. П. Москаленко, В. В. Гутенев
|g Смоленский гуманитарный университет
|
| 210 |
|
|
|a Смоленск
|c Универсум
|d 2001
|
| 215 |
|
|
|a 157 с.
|c ил.
|
| 320 |
|
|
|a Библиогр.: с. 155-157
|
| 610 |
1 |
|
|a экономика
|
| 610 |
1 |
|
|a экология
|
| 610 |
1 |
|
|a природопользование
|
| 610 |
1 |
|
|a окружающая среда
|
| 610 |
1 |
|
|a охрана
|
| 610 |
1 |
|
|a природные ресурсы
|
| 610 |
1 |
|
|a использование
|
| 610 |
1 |
|
|a предприятия
|
| 610 |
1 |
|
|a выбросы
|
| 610 |
1 |
|
|a загрязнение
|
| 610 |
1 |
|
|a платежи
|
| 610 |
1 |
|
|a природоохранная деятельность
|
| 610 |
1 |
|
|a инвестиции
|
| 610 |
1 |
|
|a эффективность
|
| 610 |
1 |
|
|a управление качеством
|
| 610 |
1 |
|
|a учебные пособия
|
| 686 |
|
|
|a У9(2)28я73
|v LBC/SL-A
|2 rubbk
|
| 700 |
|
1 |
|a Москаленко
|b А. П.
|g Александр Петрович
|
| 701 |
|
1 |
|a Гутенев
|b В. В.
|g Владимир Владимирович
|
| 712 |
0 |
2 |
|a Смоленский гуманитарный университет
|2 stltpush
|3 (RuTPU)RU\TPU\col\3781
|9 23887
|
| 801 |
|
1 |
|a RU
|b 63413507
|c 20031006
|g PSBO
|
| 801 |
|
2 |
|a RU
|b 63413507
|c 20031112
|g PSBO
|
| 942 |
|
|
|c BK
|